[Event "-chT Youth Countries 2019"]
[Site "Wuerzburg"]
[Date "2019.10.04"]
[Round "5.4"]
[White "Post, Hugo"]
[Black "Glinzner, Alva"]
[Result "1-0"]
[WhiteElo "2204"]
[BlackElo "1897"]
[Annotator "NA"]
[PlyCount "87"]
[EventDate "2019.10.02"]
[EventType "team-tourn"]
[EventRounds "7"]
[EventCountry "GER"]
[SourceTitle "playchess.com"]
[Source "ChessBase"]
[SourceQuality "1"]
[WhiteTeam "Sachsen-Anhalt"]
[BlackTeam "Schleswig-Holstein"]
[TimeControl "40/5400+30:1800+30"]

1. e4 {[%emt 0:00:00]} c6 {[%emt 0:00:00]} 2. d4 {[%emt 0:00:00]} d5 {[%emt 0:00:00]} 3. Nc3 {[%emt 0:00:04]} dxe4 {[%emt 0:00:16]} 4. Nxe4 {[%emt 0:00:08]} Bf5 {[%emt 0:00:17]} 5. Ng3 {[%emt 0:00:11]} Bg6 {[%emt 0:00:11]} 6. h4 {[%emt 0:00:13]} h6 {[%emt 0:00:12]} 7. Nf3 {[%emt 0:00:22]} Nd7 {[%emt 0:00:11]} 8. h5 {[%emt 0:00:22]} Bh7 {[%emt 0:00:10]} 9. Bd3 {[%emt 0:00:20]} Bxd3 {[%emt 0:00:09]} 10. Qxd3 {[%emt 0:00:04]} Ngf6 {[%emt 0:00:14]} 11. Bd2 {[%emt 0:00:22]} e6 {[%emt 0:00:18]} 12. O-O-O {[%emt 0:00:20]} Be7 {[%emt 0:00:21]} 13. Ne4 {[%emt 0:00:19]} Nxe4 {[%emt 0:00:21]} 14. Qxe4 {[%emt 0:00:09]} Nf6 {[%emt 0:00:25]} 15. Qe2 {[%emt 0:00:20]} Qd5 {[%emt 0:03:05]} 16. Kb1 {[%emt 0:01:30]} Qe4 {[%emt 0:03:23]} 17. Qf1 {[%emt 0:24:34]} Qf5 {[%emt 0:06:30]} 18. Ne5 {[%emt 0:07:32]} Bd6 {[%emt 0:14:56]} 19. Nc4 {[%emt 0:15:06]} Bc7 {[%emt 0:00:56]} 20. Ne3 {[%emt 0:09:54]} Qe4 {[%emt 0:01:14]} 21. Bc1 {[%emt 0:04:47]} O-O-O {[%emt 0:03:43]} 22. f3 {[%emt 0:00:24]} Qh7 {[%emt 0:00:09]} 23. g4 {[%emt 0:01:20]} Nd5 {[%emt 0:03:37]} 24. Nc4 {[%emt 0:03:27]} Nb6 {[%emt 0:14:16]} 25. Ne5 {[%emt 0:05:20]} Rhf8 {[%emt 0:00:29]} 26. Qe2 {[%emt 0:00:53]} Rd5 {[%emt 0:03:26]} 27. f4 {[%emt 0:14:28]} Bxe5 {[%emt 0:11:26]} 28. dxe5 {[%emt 0:02:46]} Rfd8 {[%emt 0:01:34]} 29. Rxd5 {[%emt 0:00:36]} Nxd5 {[%emt 0:01:39]} 30. Rd1 {[%emt 0:01:15]} Kc7 {[%emt 0:02:01]} 31. Rd3 {[%emt 0:01:12]} Qg8 {[%emt 0:03:36]} 32. Qd2 {[%emt 0:01:36]} Qh7 {[%emt 0:01:39]} 33. Qa5+ {[%emt 0:01:55]} Kc8 {[%emt 0:05:27]} 34. Qxa7 {[%emt 0:00:08]} Rd7 {[%emt 0:03:33]} 35. Qa8+ {[%emt 0:00:31]} Kc7 {[%emt 0:00:07]} 36. Rb3 {[%emt 0:00:29]} b5 {[%emt 0:03:01]} 37. Ra3 {[%emt 0:00:13]} Nb4 {[%emt 0:09:20]} 38. Ra7+ {[%emt 0:00:16]} Kb6 {[%emt 0:00:13]} 39. Be3+ {[%emt 0:00:07]} c5 {[%emt 0:00:37]} 40. Qb8+ {[%emt 0:00:04]} Kc6 {[%emt 0:00:39]} 41. Qc8+ {[%emt 0:30:09]} Kd5 {[%emt 0:31:41]} 42. Qxc5+ {[%emt 0:00:07]} Ke4 {[%emt 0:00:09]} 43. Qxb4+ {[%emt 0:00:06]} Kxe3 {[%emt 0:00:26]} 44. Rxd7 {[%emt 0:00:06] normal} 1-0

[Event "-chT Youth Countries 2019"]
[Site "Wuerzburg"]
[Date "2019.10.04"]
[Round "5.4"]
[White "Hommer, Jeremy"]
[Black "Danninger, Jannik"]
[Result "0-1"]
[WhiteElo "2133"]
[BlackElo "1990"]
[Annotator "NA"]
[PlyCount "110"]
[EventDate "2019.10.02"]
[EventType "team-tourn"]
[EventRounds "7"]
[EventCountry "GER"]
[SourceTitle "playchess.com"]
[Source "ChessBase"]
[SourceQuality "1"]
[WhiteTeam "Niedersachsen"]
[BlackTeam "Bayern 2"]
[TimeControl "40/5400+30:1800+30"]

1. d4 {[%emt 0:00:00]} d5 {[%emt 0:00:00]} 2. Bf4 {[%emt 0:00:00]} Nf6 {[%emt 0:00:00]} 3. e3 {[%emt 0:00:00]} e6 {[%emt 0:00:00]} 4. Nd2 {[%emt 0:00:04]} Bd6 {[%emt 0:00:22]} 5. Bg3 {[%emt 0:00:11]} O-O {[%emt 0:00:36]} 6. Ngf3 {[%emt 0:00:31]} c5 {[%emt 0:01:58]} 7. c3 {[%emt 0:00:04]} Qc7 {[%emt 0:00:42]} 8. Ne5 {[%emt 0:06:09]} Nfd7 {[%emt 0:05:08]} 9. f4 {[%emt 0:06:27]} f6 {[%emt 0:00:22]} 10. Nxd7 {[%emt 0:06:06]} Nxd7 {[%emt 0:01:31]} 11. Bd3 {[%emt 0:19:49]} Nb6 {[%emt 0:09:07]} 12. O-O {[%emt 0:03:28]} Bd7 {[%emt 0:07:09]} 13. Qh5 {[%emt 0:05:30]} f5 {[%emt 0:04:18]} 14. Qe2 {[%emt 0:00:26]} Na4 {[%emt 0:06:08]} 15. Nf3 {[%emt 0:03:51]} c4 {[%emt 0:02:10]} 16. Bb1 {[%emt 0:01:42]} b5 {[%emt 0:03:44]} 17. Rc1 {[%emt 0:09:27]} a5 {[%emt 0:03:05]} 18. Be1 {[%emt 0:04:42]} Be8 {[%emt 0:04:08]} 19. Ne5 {[%emt 0:03:02]} Bxe5 {[%emt 0:01:50]} 20. fxe5 {[%emt 0:00:27]} Qe7 {[%emt 0:02:26]} 21. b3 {[%emt 0:02:00]} Nb6 {[%emt 0:02:41]} 22. Bc2 {[%emt 0:04:26]} Qg5 {[%emt 0:01:19]} 23. Bd2 {[%emt 0:02:05]} Bh5 {[%emt 0:01:45]} 24. Qf2 {[%emt 0:00:42]} Qe7 {[%emt 0:03:12]} 25. Kh1 {[%emt 0:05:12]} Kh8 {[%emt 0:04:38]} 26. Rf1 {[%emt 0:04:30]} Rg8 {[%emt 0:01:34]} 27. Rfb1 {[%emt 0:05:35]} Rab8 {[%emt 0:01:10]} 28. b4 {[%emt 0:00:23]} a4 {[%emt 0:00:26]} 29. a3 {[%emt 0:00:50]} g5 {[%emt 0:01:38]} 30. Rg1 {[%emt 0:00:55]} Qf7 {[%emt 0:05:52]} 31. Raf1 {[%emt 0:01:26]} Kg7 {[%emt 0:01:53]} 32. g4 {[%emt 0:00:39]} fxg4 {[%emt 0:01:06]} 33. Qxf7+ {[%emt 0:01:28]} Bxf7 {[%emt 0:00:06]} 34. Rxg4 {[%emt 0:00:37]} h6 {[%emt 0:00:25]} 35. h4 {[%emt 0:00:56]} Bh5 {[%emt 0:03:45]} 36. Rg3 {[%emt 0:01:45]} Rbf8 {[%emt 0:01:25]} 37. Rxf8 {[%emt 0:00:41]} Kxf8 {[%emt 0:00:14]} 38. hxg5 {[%emt 0:00:18]} Rxg5 {[%emt 0:01:30]} 39. Kg2 {[%emt 0:01:10]} Kg7 {[%emt 0:01:16]} 40. Rxg5+ {[%emt 0:00:13]} hxg5 {[%emt 0:00:09]} 41. Kg3 {[%emt 0:32:08]} Bg6 {[%emt 0:32:03]} 42. Bxg6 {[%emt 0:00:00]} Kxg6 {[%emt 0:00:00]} 43. Kg4 {[%emt 0:00:00]} Nc8 {[%emt 0:00:00]} 44. Bc1 {[%emt 0:00:00]} Ne7 {[%emt 0:00:00]} 45. Bd2 {[%emt 0:00:00]} Nf5 {[%emt 0:00:00]} 46. Kf3 {[%emt 0:00:00]} Kh5 {[%emt 0:00:00]} 47. e4 {[%emt 0:00:00]} g4+ {[%emt 0:00:00]} 48. Kf4 {[%emt 0:00:00]} dxe4 {[%emt 0:00:00]} 49. Kxe4 {[%emt 0:00:00]} Ne7 {[%emt 0:00:00]} 50. Ke3 {[%emt 0:00:00]} Kh4 {[%emt 0:00:00]} 51. Kf2 {[%emt 0:00:47]} Kh3 {[%emt 0:00:00]} 52. Kg1 {[%emt 0:00:19]} Nd5 {[%emt 0:00:00]} 53. Be1 {[%emt 0:00:13]} g3 {[%emt 0:00:00]} 54. Bd2 {[%emt 0:00:46]} g2 {[%emt 0:00:00]} 55. Be1 {[%emt 0:00:11]} Nf4 {[%emt 0:00:00] normal} 0-1

[Event "-chT Youth Countries 2019"]
[Site "Wuerzburg"]
[Date "2019.10.04"]
[Round "5.4"]
[White "Lohvinov, Petro"]
[Black "Lutz, Ruben"]
[Result "0-1"]
[WhiteElo "2117"]
[BlackElo "2112"]
[Annotator "NA"]
[PlyCount "134"]
[EventDate "2019.10.02"]
[EventType "team-tourn"]
[EventRounds "7"]
[EventCountry "GER"]
[SourceTitle "playchess.com"]
[Source "ChessBase"]
[SourceQuality "1"]
[WhiteTeam "Bayern 1"]
[BlackTeam "Sachsen"]
[TimeControl "40/5400+30:1800+30"]

1. e4 {[%emt 0:00:00]} e6 {[%emt 0:00:00]} 2. d3 {[%emt 0:00:00]} d5 {[%emt 0:00:00]} 3. Nd2 {[%emt 0:00:00]} Nf6 {[%emt 0:00:08]} 4. g3 {[%emt 0:00:00]} b6 {[%emt 0:00:32]} 5. Bg2 {[%emt 0:00:11]} Bb7 {[%emt 0:00:16]} 6. e5 {[%emt 0:03:45]} Nfd7 {[%emt 0:00:06]} 7. Ngf3 {[%emt 0:00:44]} c5 {[%emt 0:00:21]} 8. O-O {[%emt 0:01:40]} Nc6 {[%emt 0:00:14]} 9. Re1 {[%emt 0:00:15]} Qc7 {[%emt 0:00:15]} 10. Qe2 {[%emt 0:02:21]} Be7 {[%emt 0:00:11]} 11. c4 {[%emt 0:00:17]} d4 {[%emt 0:01:24]} 12. h4 {[%emt 0:02:01]} h6 {[%emt 0:00:20]} 13. h5 {[%emt 0:00:05]} O-O-O {[%emt 0:00:47]} 14. a3 {[%emt 0:00:52]} g6 {[%emt 0:01:07]} 15. hxg6 {[%emt 0:04:23]} fxg6 {[%emt 0:00:07]} 16. Bh3 {[%emt 0:08:31]} Nf8 {[%emt 0:02:52]} 17. Ne4 {[%emt 0:07:36]} g5 {[%emt 0:09:09]} 18. Nf6 {[%emt 0:13:17]} Kb8 {[%emt 0:08:00]} 19. Nh5 {[%emt 0:16:06]} Rg8 {[%emt 0:00:59]} 20. Bg2 {[%emt 0:00:17]} Ng6 {[%emt 0:02:04]} 21. Bh3 {[%emt 0:08:05]} Bc8 {[%emt 0:05:57]} 22. Qe4 {[%emt 0:00:25]} Rdf8 {[%emt 0:01:55]} 23. Bg4 {[%emt 0:05:18]} Nd8 {[%emt 0:01:40]} 24. Qe2 {[%emt 0:01:11]} Bb7 {[%emt 0:04:23]} 25. b4 {[%emt 0:00:34]} Bxf3 {[%emt 0:10:28]} 26. Bxf3 {[%emt 0:00:13]} Qxe5 {[%emt 0:00:31]} 27. Be4 {[%emt 0:07:15]} cxb4 {[%emt 0:19:50]} 28. axb4 {[%emt 0:00:20]} Bxb4 {[%emt 0:00:07]} 29. Bd2 {[%emt 0:01:22]} Bc5 {[%emt 0:06:10]} 30. Qd1 {[%emt 0:01:31]} Qc7 {[%emt 0:00:36]} 31. Ra6 {[%emt 0:03:48]} Ne5 {[%emt 0:01:48]} 32. Qe2 {[%emt 0:00:59]} Nec6 {[%emt 0:03:30]} 33. Rea1 {[%emt 0:00:55]} Rf7 {[%emt 0:03:19]} 34. Be1 {[%emt 0:03:16]} Rgf8 {[%emt 0:02:15]} 35. Kg2 {[%emt 0:05:16]} Qd6 {[%emt 0:00:51]} 36. f3 {[%emt 0:02:42]} Bb4 {[%emt 0:06:07]} 37. Bxb4 {[%emt 0:01:46]} Nxb4 {[%emt 0:00:06]} 38. R6a4 {[%emt 0:00:29]} a5 {[%emt 0:02:06]} 39. Rc1 {[%emt 0:01:05]} Rc7 {[%emt 0:04:15]} 40. g4 {[%emt 0:00:35]} Nb7 {[%emt 0:01:06]} 41. Ng3 {[%emt 0:04:42]} Nc5 {[%emt 0:00:41]} 42. Ra3 {[%emt 0:00:51]} Rcf7 {[%emt 0:07:19]} 43. Rf1 {[%emt 0:01:48]} Qf4 {[%emt 0:02:47]} 44. Raa1 {[%emt 0:02:29]} Qe3 {[%emt 0:02:54]} 45. Qxe3 {[%emt 0:00:02]} dxe3 {[%emt 0:00:04]} 46. d4 {[%emt 0:00:01]} Ncd3 {[%emt 0:00:50]} 47. Ra3 {[%emt 0:01:51]} Nf4+ {[%emt 0:00:40]} 48. Kh2 {[%emt 0:00:21]} Rd7 {[%emt 0:01:21]} 49. c5 {[%emt 0:01:26]} Rxd4 {[%emt 0:08:57]} 50. cxb6 {[%emt 0:00:22]} Rd2+ {[%emt 0:00:03]} 51. Kh1 {[%emt 0:00:29]} e2 {[%emt 0:00:27]} 52. Re1 {[%emt 0:00:51]} Rd1 {[%emt 0:00:09]} 53. Ra1 {[%emt 0:01:04]} Rfd8 {[%emt 0:02:45]} 54. Nxe2 {[%emt 0:06:39]} Rxa1 {[%emt 0:00:05]} 55. Rxa1 {[%emt 0:00:03]} Nxe2 {[%emt 0:00:08]} 56. Kg2 {[%emt 0:00:13]} Nf4+ {[%emt 0:00:13]} 57. Kf1 {[%emt 0:00:44]} Nbd5 {[%emt 0:00:28]} 58. Rxa5 {[%emt 0:00:14]} Nxb6 {[%emt 0:00:40]} 59. Rb5 {[%emt 0:00:18]} Rd6 {[%emt 0:00:30]} 60. Ra5 {[%emt 0:00:46]} Nbd5 {[%emt 0:00:28]} 61. Rb5+ {[%emt 0:00:09]} Kc7 {[%emt 0:00:24]} 62. Ra5 {[%emt 0:00:01]} Rb6 {[%emt 0:00:24]} 63. Ra7+ {[%emt 0:00:12]} Kd6 {[%emt 0:02:48]} 64. Rh7 {[%emt 0:00:08]} Rb2 {[%emt 0:00:04]} 65. Rxh6 {[%emt 0:00:59]} Ne3+ {[%emt 0:00:06]} 66. Kg1 {[%emt 0:00:01]} Rg2+ {[%emt 0:00:13]} 67. Kh1 {[%emt 0:00:06]} Ne2 {[%emt 0:00:14] normal} 0-1

[Event "-chT Youth Countries 2019"]
[Site "Wuerzburg"]
[Date "2019.10.04"]
[Round "5.4"]
[White "Eilenberg, Jonas"]
[Black "Gutkin, Ilya"]
[Result "1-0"]
[WhiteElo "2050"]
[BlackElo "2047"]
[Annotator "NA"]
[PlyCount "65"]
[EventDate "2019.10.02"]
[EventType "team-tourn"]
[EventRounds "7"]
[EventCountry "GER"]
[SourceTitle "playchess.com"]
[Source "ChessBase"]
[SourceQuality "1"]
[WhiteTeam "Berlin"]
[BlackTeam "Nordrhein-Westfalen"]
[TimeControl "40/5400+30:1800+30"]

1. d4 {[%emt 0:00:00]} e6 {[%emt 0:00:00]} 2. Nf3 {[%emt 0:00:00]} c5 {[%emt 0:00:14]} 3. e3 {[%emt 0:00:00]} d5 {[%emt 0:02:48]} 4. c3 {[%emt 0:00:10]} Nc6 {[%emt 0:01:33]} 5. Bd3 {[%emt 0:00:32]} Nf6 {[%emt 0:01:07]} 6. Nbd2 {[%emt 0:00:10]} Bd6 {[%emt 0:01:44]} 7. O-O {[%emt 0:00:13]} O-O {[%emt 0:00:17]} 8. dxc5 {[%emt 0:00:06]} Bxc5 {[%emt 0:00:27]} 9. b4 {[%emt 0:00:07]} Bd6 {[%emt 0:09:40]} 10. Bb2 {[%emt 0:00:07]} Qe7 {[%emt 0:07:44]} 11. a3 {[%emt 0:03:49]} e5 {[%emt 0:12:17]} 12. e4 {[%emt 0:02:10]} Bg4 {[%emt 0:06:11]} 13. h3 {[%emt 0:05:18]} Bh5 {[%emt 0:01:05]} 14. Re1 {[%emt 0:12:58]} Rad8 {[%emt 0:03:20]} 15. Qe2 {[%emt 0:07:11]} Bb8 {[%emt 0:04:34]} 16. b5 {[%emt 0:10:05]} Na5 {[%emt 0:01:21]} 17. g4 {[%emt 0:01:45]} Bg6 {[%emt 0:07:38]} 18. a4 {[%emt 0:02:01]} dxe4 {[%emt 0:07:37]} 19. Bxe4 {[%emt 0:00:46]} Nxe4 {[%emt 0:02:59]} 20. Nxe4 {[%emt 0:00:17]} Qc7 {[%emt 0:00:59]} 21. Ba3 {[%emt 0:04:35]} Rfe8 {[%emt 0:01:04]} 22. Bb4 {[%emt 0:04:52]} Nc4 {[%emt 0:01:07]} 23. Rad1 {[%emt 0:02:00]} a5 {[%emt 0:04:32]} 24. bxa6 {[%emt 0:01:49]} Bxe4 {[%emt 0:05:09]} 25. Rxd8 {[%emt 0:01:39]} Rxd8 {[%emt 0:00:05]} 26. Qxe4 {[%emt 0:00:05]} bxa6 {[%emt 0:00:06]} 27. a5 {[%emt 0:01:03]} h6 {[%emt 0:03:07]} 28. g5 {[%emt 0:02:45]} h5 {[%emt 0:08:38]} 29. g6 {[%emt 0:02:29]} fxg6 {[%emt 0:00:07]} 30. Ng5 {[%emt 0:01:37]} Nd6 {[%emt 0:06:47]} 31. Qxg6 {[%emt 0:01:05]} Rd7 {[%emt 0:00:39]} 32. Qh7+ {[%emt 0:00:19]} Kf8 {[%emt 0:00:05]} 33. Ne6+ {[%emt 0:00:09] normal} 1-0

[Event "-chT Youth Countries 2019"]
[Site "Wuerzburg"]
[Date "2019.10.04"]
[Round "5.4"]
[White "Schumann, Rabea"]
[Black "Hecht, Jonas Christian"]
[Result "1-0"]
[WhiteElo "1922"]
[BlackElo "1775"]
[Annotator "NA"]
[PlyCount "107"]
[EventDate "2019.10.02"]
[EventType "team-tourn"]
[EventRounds "7"]
[EventCountry "GER"]
[SourceTitle "playchess.com"]
[Source "ChessBase"]
[SourceQuality "1"]
[WhiteTeam "Mecklenburg-Vorpommern"]
[BlackTeam "Baden 2"]
[TimeControl "40/5400+30:1800+30"]

1. c4 {[%emt 0:00:00]} e6 {[%emt 0:00:00]} 2. g3 {[%emt 0:00:00]} d5 {[%emt 0:00:00]} 3. Nf3 {[%emt 0:00:05]} Nf6 {[%emt 0:00:00]} 4. Bg2 {[%emt 0:00:16]} c5 {[%emt 0:00:49]} 5. O-O {[%emt 0:00:49]} Nc6 {[%emt 0:00:25]} 6. b3 {[%emt 0:05:27]} Be7 {[%emt 0:00:27]} 7. Bb2 {[%emt 0:00:30]} d4 {[%emt 0:00:06]} 8. d3 {[%emt 0:01:40]} O-O {[%emt 0:01:21]} 9. e3 {[%emt 0:01:01]} e5 {[%emt 0:01:11]} 10. exd4 {[%emt 0:03:40]} exd4 {[%emt 0:00:18]} 11. Na3 {[%emt 0:05:12]} h6 {[%emt 0:01:39]} 12. Qd2 {[%emt 0:02:57]} Bf5 {[%emt 0:00:42]} 13. Nc2 {[%emt 0:02:31]} a5 {[%emt 0:02:37]} 14. Rfe1 {[%emt 0:05:05]} Bd6 {[%emt 0:03:08]} 15. a3 {[%emt 0:10:18]} Rc8 {[%emt 0:04:14]} 16. b4 {[%emt 0:05:01]} b6 {[%emt 0:01:58]} 17. b5 {[%emt 0:12:38]} Nb8 {[%emt 0:00:41]} 18. Re2 {[%emt 0:04:25]} Nbd7 {[%emt 0:00:58]} 19. Rae1 {[%emt 0:01:25]} Qc7 {[%emt 0:01:00]} 20. Bc1 {[%emt 0:08:57]} Ng4 {[%emt 0:02:23]} 21. Nh4 {[%emt 0:02:49]} Bh7 {[%emt 0:01:46]} 22. f4 {[%emt 0:09:27]} Ngf6 {[%emt 0:15:32]} 23. Bh3 {[%emt 0:02:37]} Qb8 24. Bf5 Bxf5 {[%emt 0:02:03]} 25. Nxf5 {[%emt 0:00:35]} Rce8 {[%emt 0:00:33]} 26. Rxe8 {[%emt 0:02:10]} Rxe8 {[%emt 0:00:00]} 27. Rxe8+ Nxe8 {[%emt 0:00:48]} 28. Qe2 {[%emt 0:01:58]} Bf8 {[%emt 0:00:27]} 29. Nxh6+ {[%emt 0:02:23]} gxh6 {[%emt 0:01:53]} 30. Qg4+ {[%emt 0:00:16]} Ng7 {[%emt 0:00:11]} 31. Qxd7 {[%emt 0:01:27]} Qe8 {[%emt 0:00:07]} 32. Qxe8 {[%emt 0:00:51]} Nxe8 {[%emt 0:00:57]} 33. f5 {[%emt 0:01:30]} h5 {[%emt 0:00:43]} 34. h3 {[%emt 0:00:30]} Bd6 {[%emt 0:02:30]} 35. Kg2 {[%emt 0:02:38]} Nf6 36. a4 Nd7 {[%emt 0:01:31]} 37. Ne1 {[%emt 0:01:03]} Ne5 {[%emt 0:00:24]} 38. Bf4 {[%emt 0:00:53]} Kg7 39. Bxe5+ {[%emt 0:00:53]} Bxe5 {[%emt 0:01:08]} 40. g4 {[%emt 0:00:37]} hxg4 {[%emt 0:00:18]} 41. hxg4 {[%emt 0:30:10]} Kf6 {[%emt 0:30:10]} 42. Nf3 {[%emt 0:04:27]} Bf4 {[%emt 0:01:04]} 43. Kh3 Be3 {[%emt 0:00:00]} 44. Kg3 {[%emt 0:00:00]} Bc1 {[%emt 0:00:00]} 45. Ng1 {[%emt 0:00:00]} Bd2 {[%emt 0:00:00]} 46. Ne2 {[%emt 0:00:00]} Bf4+ {[%emt 0:00:00]} 47. Kxf4 {[%emt 0:00:00]} Ke7 {[%emt 0:00:00]} 48. Ke5 {[%emt 0:00:00]} f6+ {[%emt 0:00:00]} 49. Kf4 Kf7 50. g5 {[%emt 0:00:00]} fxg5+ {[%emt 0:00:00]} 51. Kxg5 {[%emt 0:00:00]} Kg7 {[%emt 0:00:00]} 52. f6+ {[%emt 0:00:00]} Kf8 {[%emt 0:00:00]} 53. Kf5 {[%emt 0:00:00]} Kf7 54. Ke5 {normal} 1-0

[Event "-chT Youth Countries 2019"]
[Site "Wuerzburg"]
[Date "2019.10.04"]
[Round "5.4"]
[White "Riegel, Arinna"]
[Black "Bakiev, Diyor"]
[Result "1/2-1/2"]
[WhiteElo "1894"]
[BlackElo "2088"]
[Annotator "NA"]
[PlyCount "75"]
[EventDate "2019.10.02"]
[EventType "team-tourn"]
[EventRounds "7"]
[EventCountry "GER"]
[SourceTitle "playchess.com"]
[Source "ChessBase"]
[SourceQuality "1"]
[WhiteTeam "Baden 1"]
[BlackTeam "Hessen"]
[TimeControl "40/5400+30:1800+30"]

1. Nf3 {[%emt 0:00:00]} d5 {[%emt 0:00:14]} 2. g3 {[%emt 0:00:39]} Nf6 {[%emt 0:00:30]} 3. Bg2 {[%emt 0:00:10]} c5 {[%emt 0:00:20]} 4. d4 {[%emt 0:00:28]} e6 {[%emt 0:00:29]} 5. O-O {[%emt 0:00:15]} Nc6 {[%emt 0:00:20]} 6. c4 {[%emt 0:00:46]} Be7 {[%emt 0:03:00]} 7. Nc3 {[%emt 0:04:13]} dxc4 {[%emt 0:06:57]} 8. Qa4 {[%emt 0:09:41]} O-O {[%emt 0:17:22]} 9. dxc5 {[%emt 0:02:18]} Bxc5 {[%emt 0:01:32]} 10. Qxc4 {[%emt 0:01:48]} Bb6 {[%emt 0:02:12]} 11. Rd1 {[%emt 0:15:49]} Qe7 {[%emt 0:01:22]} 12. Bf4 {[%emt 0:09:14]} e5 {[%emt 0:07:37]} 13. Bg5 {[%emt 0:03:23]} Be6 {[%emt 0:07:53]} 14. Qh4 {[%emt 0:03:03]} h6 {[%emt 0:10:38]} 15. Bxf6 {[%emt 0:05:14]} Qxf6 {[%emt 0:00:14]} 16. Qxf6 {[%emt 0:00:04]} gxf6 {[%emt 0:00:09]} 17. Nd5 {[%emt 0:00:21]} Kg7 {[%emt 0:07:18]} 18. Nxb6 {[%emt 0:04:34]} axb6 {[%emt 0:00:26]} 19. a3 {[%emt 0:00:35]} Rfd8 {[%emt 0:01:09]} 20. Kf1 {[%emt 0:04:35]} Na5 {[%emt 0:02:26]} 21. Nd2 {[%emt 0:11:24]} Rac8 {[%emt 0:14:52]} 22. b4 {[%emt 0:06:00]} Bb3 {[%emt 0:00:45]} 23. Rdb1 {[%emt 0:04:14]} Bc2 {[%emt 0:09:55]} 24. Rb2 {[%emt 0:00:33]} Rxd2 {[%emt 0:01:03]} 25. bxa5 {[%emt 0:00:15]} bxa5 {[%emt 0:01:18]} 26. Bxb7 {[%emt 0:05:54]} Rc3 {[%emt 0:02:24]} 27. Be4 {[%emt 0:06:47]} Rd1+ {[%emt 0:00:10]} 28. Rxd1 {[%emt 0:00:01]} Bxd1 {[%emt 0:00:01]} 29. Ke1 {[%emt 0:00:33]} Ba4 {[%emt 0:00:20]} 30. Ra2 {[%emt 0:00:39]} Bb3 {[%emt 0:00:29]} 31. Ra1 {[%emt 0:00:36]} a4 {[%emt 0:00:27]} 32. Kd2 {[%emt 0:00:12]} Rc4 {[%emt 0:00:08]} 33. Bd3 {[%emt 0:00:55]} Rd4 {[%emt 0:00:22]} 34. Kc3 {[%emt 0:00:33]} Kf8 {[%emt 0:00:49]} 35. Rc1 {[%emt 0:00:23]} Ke7 {[%emt 0:00:33]} 36. Kb2 {[%emt 0:01:13]} Kd6 {[%emt 0:01:23]} 37. Kc3 {[%emt 0:00:12]} Ke7 {[%emt 0:00:44]} 38. Bb5 {normal} 1/2-1/2

[Event "-chT Youth Countries 2019"]
[Site "Wuerzburg"]
[Date "2019.10.04"]
[Round "5.4"]
[White "Jacoby, Angelina"]
[Black "Deuer, Marius"]
[Result "1/2-1/2"]
[WhiteElo "1635"]
[BlackElo "1993"]
[Annotator "NA"]
[PlyCount "83"]
[EventDate "2019.10.02"]
[EventType "team-tourn"]
[EventRounds "7"]
[EventCountry "GER"]
[SourceTitle "playchess.com"]
[Source "ChessBase"]
[SourceQuality "1"]
[WhiteTeam "Brandenburg/Berlin"]
[BlackTeam "Württemberg"]
[TimeControl "40/5400+30:1800+30"]

1. d4 {[%emt 0:00:00]} Nf6 {[%emt 0:00:00]} 2. Bf4 {[%emt 0:00:00]} g6 {[%emt 0:00:00]} 3. Nf3 {[%emt 0:00:00]} Bg7 {[%emt 0:00:00]} 4. c3 {[%emt 0:00:07]} O-O {[%emt 0:00:07]} 5. h3 {[%emt 0:00:17]} d6 {[%emt 0:00:34]} 6. e3 {[%emt 0:00:17]} Nbd7 {[%emt 0:01:13]} 7. Be2 {[%emt 0:00:47]} Nh5 {[%emt 0:00:36]} 8. Bh2 {[%emt 0:01:42]} Qe8 {[%emt 0:02:31]} 9. O-O {[%emt 0:05:59]} e5 {[%emt 0:01:15]} 10. dxe5 {[%emt 0:02:17]} dxe5 {[%emt 0:02:22]} 11. Nbd2 {[%emt 0:01:24]} b6 {[%emt 0:03:35]} 12. Bb5 {[%emt 0:02:55]} Qe6 {[%emt 0:04:57]} 13. Ne4 {[%emt 0:10:09]} h6 {[%emt 0:04:28]} 14. Qa4 {[%emt 0:04:26]} a6 {[%emt 0:04:40]} 15. Bc4 {[%emt 0:15:41]} Qe7 {[%emt 0:02:59]} 16. Qc6 {[%emt 0:01:36]} Ra7 {[%emt 0:04:31]} 17. Qxg6 {[%emt 0:00:25]} Nhf6 {[%emt 0:00:55]} 18. Nxf6+ {[%emt 0:00:57]} Qxf6 {[%emt 0:01:37]} 19. Qxf6 {[%emt 0:01:50]} Bxf6 {[%emt 0:00:35]} 20. Rfd1 {[%emt 0:01:14]} Re8 {[%emt 0:02:37]} 21. Bd5 {[%emt 0:01:21]} Nc5 {[%emt 0:19:57]} 22. Bc6 {[%emt 0:09:04]} Re6 {[%emt 0:00:49]} 23. Bxe5 {[%emt 0:05:50]} Rxc6 {[%emt 0:04:01]} 24. Bxf6 {[%emt 0:00:12]} Rxf6 {[%emt 0:05:42]} 25. Rd8+ {[%emt 0:00:14]} Kh7 {[%emt 0:00:44]} 26. Rxc8 {[%emt 0:00:11]} Na4 {[%emt 0:00:40]} 27. Rb1 {[%emt 0:01:30]} Rd6 {[%emt 0:01:02]} 28. Re8 {[%emt 0:06:32]} c5 {[%emt 0:02:12]} 29. Kf1 {[%emt 0:09:49]} Rad7 {[%emt 0:02:13]} 30. Ke1 {[%emt 0:00:58]} f6 {[%emt 0:02:27]} 31. e4 {[%emt 0:02:29]} Rg7 {[%emt 0:01:40]} 32. e5 {[%emt 0:04:17]} fxe5 {[%emt 0:05:21]} 33. g3 {[%emt 0:00:39]} c4 {[%emt 0:02:15]} 34. Rxe5 {[%emt 0:05:52]} Rf7 {[%emt 0:02:19]} 35. Nd4 {[%emt 0:02:46]} Nc5 {[%emt 0:01:33]} 36. Rf5 {[%emt 0:01:38]} Nd3+ {[%emt 0:02:28]} 37. Kd2 {[%emt 0:01:48]} Rxf5 {[%emt 0:01:24]} 38. Nxf5 {[%emt 0:00:13]} Rf6 {[%emt 0:00:12]} 39. Nd4 {[%emt 0:01:02]} Rxf2+ {[%emt 0:01:28]} 40. Ne2 {[%emt 0:00:46]} Rh2 {[%emt 0:01:36]} 41. h4 {[%emt 0:02:08]} Rf2 {[%emt 0:07:53]} 42. Ke3 {[%emt 0:04:28] normal} 1/2-1/2